Kế toán quản trị và phân tích kinh doanh: Lý thuyết và thực hành

Na minha lista:
Detalhes bibliográficos
Autor principal: Nguyễn Phú Giang
Formato: Livro
Idioma:Undetermined
Publicado em: Hà Nội Tài chính 2005
Assuntos:
Tags: Adicionar Tag
Sem tags, seja o primeiro a adicionar uma tag!
Thư viện lưu trữ: Trung tâm Học liệu Trường Đại học Cần Thơ
LEADER 00602nam a2200205Ia 4500
001 CTU_74908
008 210402s9999 xx 000 0 und d
020 |b 55000 
082 |a 658.1511 
082 |b Gi106 
100 |a Nguyễn Phú Giang 
245 0 |a Kế toán quản trị và phân tích kinh doanh: 
245 0 |b Lý thuyết và thực hành 
245 0 |c Nguyễn Phú Giang 
260 |a Hà Nội 
260 |b Tài chính 
260 |c 2005 
650 |a managerial accounting 
904 |i Tuyến 
980 |a Trung tâm Học liệu Trường Đại học Cần Thơ